000 00944nam a2200253 i 4500
001 bg
100 1 _aJEZIERSKA, Barbara
_d(1940- )
245 1 0 _aMetal toxicity to fish /
_cBarbara Jezierska, Małgorzata Witeska ; University of Podlasie.
260 _aSiedlce :
_bWydaw. AP,
_c2001.
300 _a318 s. :
_bil. kolor. ;
_c24 cm.
490 1 _aMonografie / [Akademia Podlaska w Siedlcach],
_x0860-2719 ;
_vnr 42
504 _aBibliogr.
650 9 _aMetale ciężkie
_xwpływ na środowisko
650 9 _aRyby
_xbiochemia
650 9 _aRyby
_xhigiena
700 1 _aWITESKA, Małgorzata
830 0 _aMonografie ([Akademia Podlaska w Siedlcach]) ;
_vnr 42
040 _cBPK
041 0 _aeng
080 _a597.2/.5-11:546.3/.9:504.4.054
942 _cKS
008 s pl f |000 0 pol
999 _c44105
_d44105
856 _uhttp://koha.tu.koszalin.pl/cgi-bin/koha/opac-detail.pl?biblionumber=44105
_yKatalog online BPK